• 首页
  • 本馆介绍
  • 公告通知
  • 最新文献
  • 馆藏检索
  • 电子资源
  • 读者导购
  • 参考咨询
  • 我的图书馆
  • 登录
  • 详细信息显示
  • 放入我的书架
  • 预约/预借图书
  • 作者相关作品
  • 分类相关作品
  • 丛书相关作品
  • 出版社相关作品

书目信息

  • 表格格式
  • 工作单格式
  • 卡片格式
题名:
医学细胞学与医学遗传学学习指要
    
 
作者: 张淑玲 主编
分册:  
出版信息: 长春   吉林人民出版社  2005
页数: 424页
开本: 21cm
丛书名:
单 册:
中图分类: R329.2-44 , R394-44
科图分类:
主题词: 人体细胞学--细胞生物学--医学院校--试题 , 人体细胞学 , 细胞生物学 , 医学遗传学--医学院校--试题 , 医学遗传学
电子资源:
ISBN: 7-206-02881-0
000 01082nam0 2200301 45
001 012006021519
005 20070709090526.23
010    @a7-206-02881-0@dCNY33.80
092    @aCN@b474928
100    @a20060215d2005 em y0chiy0121 ea
101 0  @achi
102    @aCN@b220000
105    @ay q 000yy
200 1  @a医学细胞学与医学遗传学学习指要@9yi xue xi bao xue yu yi xue yi chuan xue xue xi zhi yao@f张淑玲[等]主编
205    @a2版
210    @a长春@c吉林人民出版社@d2005
215    @a424页@d21cm
330    @a全书分为医学细胞学和医学遗传学两篇,共二十三章,为了使学生了解本课的学习要求,明确教学目的和在学习中应注意的问题,每一章都设有目的要求和内容提要,练习思考题包括选择题、填空题、名词解释、判题题、简答题和论述题六种类型。
606 0  @a人体细胞学@x细胞生物学@x医学院校@x试题
606 0  @a人体细胞学
606 0  @a细胞生物学
606 0  @a医学遗传学@x医学院校@x试题
606 0  @a医学遗传学
690    @aR329.2-44@v4
690    @aR394-44@v4
701  0 @a张淑玲@9zhang shu ling@4主编
801  0 @aCN@bLZJBOOK@c20070709
905    @a10447@dR329.2-44@e175=2
    
    医学细胞学与医学遗传学学习指要/张淑玲[等]主编.-2版.-长春:吉林人民出版社,2005
    424页;21cm
    
    
    ISBN 7-206-02881-0:CNY33.80
    全书分为医学细胞学和医学遗传学两篇,共二十三章,为了使学生了解本课的学习要求,明确教学目的和在学习中应注意的问题,每一章都设有目的要求和内容提要,练习思考题包括选择题、填空题、名词解释、判题题、简答题和论述题六种类型。
●
相关链接 在E读中查询图书 在五车中查询图书 在当当中查询图书 在豆瓣中查询图书


正题名:医学细胞学与医学遗传学学习指要     索取号:R329.2-44/175=2         预约/预借

序号 登录号 条形码 馆藏地/架位号 状态 备注
1 0562341   205623413   第二样本阅览室/ [索取号:R329.2-44/175=2] 在馆    
2 0562342   205623422   第三借阅区/ [索取号:R329.2-44/175=2] 在馆    
3 0562343   205623431   教育系资料室/ [索取号:R329.2-44/175=2] 在馆    
4 0562344   205623440   教育系资料室/ [索取号:R329.2-44/175=2] 在馆    
5 0562345   205623459   教育系资料室/ [索取号:R329.2-44/175=2] 在馆    
6 0562346   205623468   教育系资料室/ [索取号:R329.2-44/175=2] 在馆    
7 0562347   205623477   第三借阅区/ [索取号:R329.2-44/175=2] 在馆    
8 0562348   205623486   第三借阅区/ [索取号:R329.2-44/175=2] 在馆    
唐山师范学院图书馆 欢迎您!
大连网信软件有限公司© 版权所有